La respuesta gubernamental ante el problema de la inseguridad /
Spremljeno u:
| Glavni autor: | |
|---|---|
| Format: | Tekst |
| Teme: | |
| Oznake: |
Dodaj oznaku
Bez oznaka, Budi prvi tko označuje ovaj zapis!
|
MARC
| LEADER | 00000 a a2200000 04500 | ||
|---|---|---|---|
| 001 | 17285 | ||
| 003 | |||
| 040 | |||
| 100 | |a Alvarado Martínez, Israel | ||
| 245 | |a La respuesta gubernamental ante el problema de la inseguridad / |c Israel Alvarado Martínez | ||
| 650 | |a GOBIERNO | ||
| 650 | |a SEGURIDAD | ||
| 650 | |a POLITICAS PUBLICAS | ||
| 650 | |a SEGURIDAD SOCIAL | ||
| 650 | |a MEXICO | ||
| 773 | |g volumen 49 Edición Espe; páginas 144-147 | ||
| 999 | |c 37688 |d 37688 | ||
